000 01099nam a22003137a 4500
003 CHAP
005 20220329135753.0
008 971013s1981 r 00010 d
010 _a41808
011 _a42780
035 _a46909
040 _cCHAP
090 _aTesis
100 0 0 _aEscalante Fernández, Rubuán.
_937392
245 _aEvaluación económica del Organismo Público Descentralizado Foresal Vicente Guerreo, 1972-1980
260 _aChapingo, Méx. :
_bEl autor,
_c1981
300 _a165 h.
_b; gráfs.
502 _aTesis (M. C. Esp. en Economía Agrícola) -- Colegio de Postgraduados. Centro de Economía Agrícola
590 _aALEPH
_b10
_c20130110
_lUCH01
_h1311
590 _aBATCH-UPD
_b10
_c20130110
_lUCH01
_h2122
590 _aBATCH-UPD
_b10
_c20130410
_lUCH01
_h1431
590 _aBATCH-UPD
_b10
_c20130914
_lUCH01
_h0712
590 _aCONVERSION
_b10
_c20130109
_lUCH01
_h1323
650 1 4 _aBosques
_xAspectos económicos
_xGuerrero.
_914072
901 _aBK
942 _cFOLL
949 _bBC
_cTES
_d-106838
_eTS1
_i46909
_si
949 _bBC
_cTES
_d-106839
_eTS2
_fc.2
_i46909
_si
999 _c41808
_d41808